00484nam a22001937a 450000500170000001000110001702000220002803500110005003700160006104000120007708200110008910000240010024500470012426000340017127000110020530000200021665000310023665000230026720170124110114.0 a651074 c00.00a0575007583 a651074 bCen Lib/Ret aDPLbEN aNbGUI aGuin, Ursula K. Le  aCity of illusions /cby Ursula K. le Guin  bVictor gollanczaLondonc1971 bLondon a191p.c19cm(Hb) aScience fictionx American aEnglish literature